[Event "GER-chT Federal Cup (Women)"]
[Site "Braunfels"]
[Date "2017.06.17"]
[Round "4.8"]
[White "Zabarska, Natalia"]
[Black "Siegel, Aurelia"]
[Result "1-0"]
[WhiteElo "1825"]
[BlackElo "1690"]
[PlyCount "81"]
[EventDate "2017.06.15"]
[EventType "team-swiss"]
[EventRounds "5"]
[EventCountry "GER"]
[SourceTitle "CBM 179 Extra"]
[Source "ChessBase"]
[SourceDate "2017.08.23"]
[SourceVersion "1"]
[SourceVersionDate "2017.08.23"]
[SourceQuality "1"]
[WhiteTeam "Bayern (W)"]
[BlackTeam "Nordrhein Westfalen (W)"]
[WhiteTeamCountry "GER"]
[BlackTeamCountry "GER"]

1. e4 d5 2. Nc3 dxe4 3. Nxe4 e5 4. Bc4 f5 5. Ng3 Bc5 6. d3 Nf6 7. Nf3 f4 8. Ne2 Nc6 9. 0-0 Qe7 10. Nxf4 Bg4 11. Nd5 Nxd5 12. Bxd5 0-0-0 13. Be4 h6 14. Qe1 Bxf3 15. Bxf3 Nd4 16. Qd1 Rhf8 17. Be4 Nb5 18. Be3 Bb6 19. Qg4+ Kb8 20. a4 Nd6 21. a5 Bxe3 22. fxe3 a6 23. b4 h5 24. Qg6 Rh8 25. c4 Rh6 26. Qg3 Nxe4 27. dxe4 Ka7 28. b5 Rd7 29. Rfd1 Rxd1+ 30. Rxd1 Rf6 31. Qe1 Qc5 32. Qe2 g6 33. Rd5 Qe7 34. Qb2 Rd6 35. Qxe5 Qh4 36. g3 Rxd5 37. Qxd5 Qf6 38. e5 Qf5 39. Qd4+ Kb8 40. e4 Qf3 41. Qd8+ 1-0

[Event "BL2 West 1617 (Women)"]
[Site "Germany"]
[Date "2017.01.21"]
[Round "3.3"]
[White "Siegel, Aurelia"]
[Black "Thesing, Irene"]
[Result "0-1"]
[WhiteElo "1693"]
[BlackElo "1942"]
[PlyCount "78"]
[EventDate "2016.10.22"]
[EventType "team-tourn"]
[EventRounds "7"]
[EventCountry "GER"]
[SourceTitle "EXT 2018"]
[Source "ChessBase"]
[SourceDate "2017.10.13"]
[SourceVersion "1"]
[SourceVersionDate "2017.10.13"]
[SourceQuality "1"]
[WhiteTeam "Muenster (W)"]
[BlackTeam "Heiden (W)"]
[WhiteTeamCountry "GER"]
[BlackTeamCountry "GER"]

1. e4 c5 2. c3 d6 3. d4 cxd4 4. cxd4 g6 5. Be3 Bg7 6. Nf3 Nf6 7. Nc3 0-0 8. Be2 Ng4 9. Bf4 Nc6 10. Qd2 a6 11. h3 Nf6 12. d5 Nb8 13. a4 Nbd7 14. Bh6 Nc5 15. Bxg7 Kxg7 16. Qe3 Qa5 17. 0-0 e5 18. dxe6 Bxe6 19. Nd4 Rfe8 20. Nxe6+ Rxe6 21. Bc4 Re7 22. f3 Qb4 23. Bd5 Qxb2 24. Rfb1 Qc2 25. Qd4 Qd3 26. Qxd3 Nxd3 27. Bxb7 Ra7 28. Bd5 Nxd5 29. Nxd5 Reb7 30. a5 Rb5 31. Rd1 Rb3 32. Rab1 Rb5 33. Ra1 Rb3 34. Nb6 Rc7 35. Rd2 Rc5 36. Kf1 h6 37. Nd5 Ne5 38. Nb6 Nd3 39. Nd5 Ne5 0-1

[Event "GER-chT Federal Cup (Women)"]
[Site "Braunfels"]
[Date "2016.05.28"]
[Round "4.4"]
[White "Siegel, Aurelia"]
[Black "Weinmann, Helene"]
[Result "0-1"]
[WhiteElo "1586"]
[BlackElo "1414"]
[PlyCount "76"]
[EventDate "2016.05.26"]
[EventType "team-swiss"]
[EventRounds "5"]
[EventCountry "GER"]
[SourceTitle "EXT 2019"]
[Source "ChessBase"]
[SourceDate "2018.10.10"]
[SourceVersion "1"]
[SourceVersionDate "2018.10.10"]
[SourceQuality "1"]
[WhiteTeam "Nordrhein Westfalen (W) II"]
[BlackTeam "Saarland Schleswig Holstein (W)"]
[WhiteTeamCountry "GER"]
[BlackTeamCountry "GER"]

1. e4 e5 2. Nf3 d6 3. d4 exd4 4. Nxd4 Nf6 5. Nc3 Bd7 6. Bd3 Be7 7. 0-0 0-0 8. Bd2 Nc6 9. Nxc6 Bxc6 10. Re1 Qd7 11. Re3 Rfe8 12. Qe2 Bf8 13. Re1 Qg4 14. Qf1 Qd7 15. b4 a6 16. a4 b6 17. b5 axb5 18. axb5 Bb7 19. Rg3 g6 20. f4 Nh5 21. Rh3 Bg7 22. f5 Bd4+ 23. Kh1 Nf6 24. Qf4 Qe7 25. fxg6 fxg6 26. Qh4 Nh5 27. Bg5 Bf6 28. Bxf6 Qxf6 29. Qxf6 Nxf6 30. Rf3 Kg7 31. h3 d5 32. e5 Nd7 33. e6 Nf6 34. Rf2 Re7 35. Rfe2 Rae8 36. g4 d4+ 37. Ne4 Rxe6 38. Kh2 Nxe4 0-1

[Event "GER-ch U18 Girls"]
[Site "Willingen"]
[Date "2015.05.25"]
[Round "3"]
[White "Siegel, Aurelia"]
[Black "Wolff, Marie Antoinette"]
[Result "1-0"]
[WhiteElo "1633"]
[BlackElo "1715"]
[PlyCount "71"]
[EventDate "2015.05.24"]
[EventType "swiss"]
[EventRounds "9"]
[EventCountry "GER"]
[SourceTitle "CBM 166 Extra"]
[Source "ChessBase"]
[SourceDate "2015.06.18"]
[SourceVersion "1"]
[SourceVersionDate "2015.06.18"]
[SourceQuality "1"]

1. e4 c5 2. c3 Nc6 3. d4 cxd4 4. cxd4 d6 5. Nc3 Nf6 6. Nf3 g6 7. Be3 Bg7 8. Bc4 0-0 9. 0-0 Bg4 10. h3 Bxf3 11. Qxf3 a6 12. Qe2 Rc8 13. a4 Nd7 14. Qd2 Nb6 15. Be2 Na5 16. Qd1 Nbc4 17. Bxc4 Nxc4 18. Qb3 Nxe3 19. fxe3 Qd7 20. Nd5 Qe6 21. Qxb7 Rfe8 22. Nf4 Qf6 23. Qxa6 Qg5 24. Qe2 e5 25. dxe5 Rxe5 26. Qd3 Rce8 27. Qxd6 Rxe4 28. Qd7 Rxe3 29. Nd5 Re2 30. Qxf7+ Kh8 31. Qf3 Rxb2 32. Rae1 Rf8 33. Qe4 Rd8 34. Nf4 Rf8 35. Ne6 Bd4+ 36. Qxd4+ 1-0

[Event "GER-ch U18 Girls"]
[Site "Willingen"]
[Date "2015.05.24"]
[Round "1"]
[White "Siegel, Aurelia"]
[Black "Zahn, Alina"]
[Result "0-1"]
[WhiteElo "1633"]
[BlackElo "1970"]
[PlyCount "54"]
[EventDate "2015.05.24"]
[EventType "swiss"]
[EventRounds "9"]
[EventCountry "GER"]
[SourceTitle "CBM 166 Extra"]
[Source "ChessBase"]
[SourceDate "2015.06.18"]
[SourceVersion "1"]
[SourceVersionDate "2015.06.18"]
[SourceQuality "1"]

1. e4 e5 2. Nf3 Nc6 3. d4 exd4 4. Nxd4 Nf6 5. Nc3 Bb4 6. Nxc6 bxc6 7. Bd3 0-0 8. 0-0 d5 9. Bg5 h6 10. Bh4 g5 11. Bg3 Bg4 12. f3 Be6 13. e5 Nh5 14. Ne2 c5 15. c3 Ba5 16. f4 Bg4 17. Kh1 Nxg3+ 18. hxg3 f5 19. Bb5 Rb8 20. a4 Rb6 21. Qd2 c6 22. Bd3 Qe8 23. Rab1 c4 24. Bc2 Qh5+ 25. Kg1 Bxe2 26. Rfe1 Bg4 27. e6 Rb7 0-1